S.B. Quiz! Stats

 Plays Quiz not verified by Sporcle

Challenge
Share
Tweet
Embed
Score 0/10 Timer 10:00
0 Plays Today
Hint Location % Correct
Ohhhhh.... you dont pee hereshower
80%
Little mermaid song, 'Kiss tha girl'Hot tub
60%
Its not exactly a time out, but you still send me herecorner
60%
'Hey Brian'...'Just practicing cpr on Sarah'guard office
60%
Fable 2 with you!basement
60%
Where the hell did these black panties come from?Philadelphia
40%
Dick move waiter, no need to call us out like thatSilver Diner
40%
I made it in one... you beat me the rest of the timeminigolf
40%
Its not a laundry basket but a...trashcan
40%
Star gazing, sex, and talks about our futureroof
40%

You're not logged in!

Compare scores with friends on all Sporcle quizzes.
OR
Log In

You Might Also Like...

Show Comments

Extras

Created Jul 22, 2010ReportNominate

Top Quizzes Today


Score Distribution

Your Account Isn't Verified!

In order to create a playlist on Sporcle, you need to verify the email address you used during registration. Go to your Sporcle Settings to finish the process.

Report this User

Report this user for behavior that violates our Community Guidelines.

Details: